000 00954cam a2200277 a 4500
001 000004013
003 DO-SdBNP
005 20220927104147.0
007 ta
008 960229s1977 sp a b 000 0 spa d
020 _a8450022444
040 _aDO-SdBNP
_bspa
_cBNPHU
082 4 _a686.9
_bF363i
_222
100 1 _aFernández, Stella Maris.
_912008
245 1 3 _aLa Imprenta en Hispanoamérica /
_cStella Maris Fernández.
260 _aMadrid :
_bAsociación Nacional de Bibliotecarios. Archiveros y Arqueólogos,
_c1977.
300 _a206 p. :
_bil. ;
_c19 cm.
490 1 _aBiblioteca profesional de ANABA
_aIII Cuadernos
_v13
504 _aBibliografía : p. [203] -206
590 _aInventariado, 2022 / DG
650 4 _aLibro libro de industria y comercio
_zAmérica Latina
_xHistoria
_912009
650 4 _aImprenta
_xHistoria
_912010
830 0 _aBiblioteca profesional de ANABA
_pIII Cuadernos
_v13
_912011
910 _aDG
942 _2ddc
_cLBS1
999 _c3832
_d3832